|
|
|
|
| LEADER |
01291nam a2200337Ia 4500 |
| 001 |
7735 |
| 003 |
BD-DhAAL |
| 005 |
20150704103442.0 |
| 008 |
150704r20032002nyu 000 1 eng d |
| 020 |
|
|
|a 0425191184 (pbk.) :
|c $7.99
|
| 040 |
|
|
|a OCO
|c OCO
|d WIQ
|d MYG
|d BD-DhAAL
|
| 082 |
|
|
|2 21
|a 813/.54
|
| 100 |
1 |
|
|a Clancy, Tom,
|d 1947-2013.
|9 12778
|
| 245 |
1 |
0 |
|a Red rabbit /
|c Tom Clancy.
|
| 250 |
|
|
|a Berkley mass-market ed.
|
| 260 |
|
|
|a New York :
|b Berkley Books,
|c 2003, c2002.
|
| 300 |
|
|
|a 636 p. ;
|c 18 cm.
|
| 541 |
|
|
|e 7735
|
| 600 |
0 |
0 |
|a John Paul
|b II,
|c Pope,
|d 1920-2005
|x Assassination attempts
|v Fiction.
|9 12788
|
| 650 |
|
0 |
|a Ryan, Jack, Sr. (Fictitious character)
|v Fiction.
|9 12779
|
| 650 |
|
0 |
|a Attempted assassination
|v Fiction.
|9 12789
|
| 650 |
|
0 |
|a Intelligence officers
|v Fiction.
|9 12790
|
| 650 |
|
0 |
|a Americans
|z England
|v Fiction.
|9 12791
|
| 650 |
|
0 |
|a Popes
|v Fiction.
|9 12792
|
| 655 |
|
7 |
|a Political fiction.
|2 lcsh
|9 5611
|
| 655 |
|
7 |
|a Suspense fiction.
|2 gsafd
|9 12793
|
| 852 |
0 |
|
|b HUM
|c STACK
|h PS3553.L245.R39 2003
|
| 876 |
|
1 |
|l MIT01
|h PS3553.L245.R39 2003
|8 20031016
|
| 942 |
|
|
|2 ddc
|c BK
|
| 999 |
|
|
|c 34923
|d 34923
|
| 952 |
|
|
|0 0
|1 0
|2 ddc
|4 0
|6 813_540000000000000_CLA
|7 0
|9 54679
|a SCL
|b SCL
|c GEN
|d 2015-07-04
|e Gift
|l 6
|m 20
|o 813.54 CLA
|p 3020007735
|r 2018-12-09
|s 2018-09-24
|t 1
|w 2015-07-04
|y BK
|